Miniaturas persas

Uloženo v:
Podrobná bibliografie
Hlavní autor: Gray, Basil (Autor)
Médium: Kniha
Jazyk:španělština
Vydáno: Ciudad de México Hermes 1962
Edice:Colección Unesco-Hermes Bolsilibros de Arte
Témata:
Tagy: Přidat tag
Žádné tagy, Buďte první, kdo vytvoří štítek k tomuto záznamu!

MARC

LEADER 00000cam a2200000 a 4500
001 UCO1839
003 CL-VaPUC
008 000519e19620000MX |||||||||||||||||spa|d
082 0 4 |a 751.77  |b GRA  |2 21 
100 |a Gray, Basil  |e author  |9 444369 
245 1 0 |a Miniaturas persas 
300 |a 24 p 
942 |c BK 
945 |d 20000519 00:00:00  |a rbrito 
260 |a Ciudad de México  |b Hermes  |c 1962 
650 0 |a Arte oriental  |9 314876 
650 0 |a Arte persa  |9 444370 
650 0 |a Miniaturas  |9 444371 
651 7 |a IRAN  |2 CL-VaPUC  |9 314095 
583 |a last modification  |c 20140305 08:28:55  |k Rodrigo Vera 
490 0 |a Colección Unesco-Hermes Bolsilibros de Arte 
999 |c 288431  |d 288429 
952 |0 0  |1 0  |4 0  |6 751_770000000000000_GRA_1962  |7 0  |8 P  |9 336101  |a BIBARQ  |b BIBARQ  |d 2019-11-20  |i 3620506  |l 1  |m 2  |o 751.77 GRA 1962  |p 3620506  |r 2025-01-20  |s 2023-08-22  |w 2019-11-20  |y BK  |k ARQ 
952 |0 0  |1 0  |3 erb  |4 0  |6 751_770000000000000_GRA_1962  |7 0  |8 A  |9 336102  |a BIBART  |b BIBART  |i 5055474  |o 751.77 GRA 1962  |p 5055474  |r 2025-03-13  |w 2019-11-20  |y BK  |z Catalogado en:20140317  |k ART